LEADER 00993nam0-22003371i-450- 001 990006401600403321 005 20060503123913.0 010 $a88-14-06928-X 035 $a000640160 035 $aFED01000640160 035 $a(Aleph)000640160FED01 035 $a000640160 100 $a20000112d1998----km-y0itay50------ba 101 0 $aita 102 $aIT 105 $ay-------001yy 200 1 $a<>Satira come forma di manifestazione del pensiero$efondamento e limiti$fLuigi Balestra 210 $aMilano$cGiuffrè$d1998 215 $a123 p.$d24 cm 225 1 $aResponsabilità comunicazione impresa$v3 676 $a346.012$v20$zit 676 $a342.0853$v20$zit 700 1$aBalestra,$bLuigi$0202598 801 0$aIT$bUNINA$gRICA$2UNIMARC 901 $aBK 912 $a990006401600403321 952 $aVIII P 34 (3)$b37663*$fFGBC 952 $a10-A-108$b14057$fDDCP 959 $aFGBC 996 $aSatira come forma di manifestazione del pensiero$9661263 997 $aUNINA LEADER 00828nam0 22002411i 450 001 UON00226133 005 20231205103437.592 010 $a80-202-0246-3 100 $a20030730d1991 |0itac50 ba 101 $acze 102 $aCZ 105 $a|||| ||||| 200 1 $aSvatoby v dome$fBohumil Hrabal 210 $aPraha$cCeskoslovensky spisovatel$d1991 215 $a208 p .$d21 cm. 676 $a891.86$cLetteratura ceca$v21 700 1$aHRABAL$bBohumil$3UONV126228$0232337 801 $aIT$bSOL$c20240220$gRICA 899 $aSIBA - SISTEMA BIBLIOTECARIO DI ATENEO$2UONSI 912 $aUON00226133 950 $aSIBA - SISTEMA BIBLIOTECARIO DI ATENEO$dSI CECO A HRA 0027 $eSI EO 22386 7 0027 996 $aSvatoby v dome$91270819 997 $aUNIOR LEADER 02020nas 2200553 a 450 001 9910142565003321 005 20260225134558.0 011 $a1972-4799 035 $a(CKB)1000000000328703 035 $a(CONSER) 00248563 035 $a(DE-599)ZDB2405560-8 035 $a(DE-599)2405560-8 035 $a(EXLCZ)991000000000328703 100 $a20001128a19999999 uy 101 0 $aita 200 00$aDiritto, immigrazione e cittadinanza $erivista trimestrale promossa dall'Associazione per gli studi giuridici sull'immigrazione e da Magistratura democratica 210 $aMilano $cFrancoAngeli$d1999- 215 $a1 online resource 300 $aRefereed/Peer-reviewed 311 08$aPrint version: Diritto, immigrazione e cittadinanza 1720-433X 531 $aDIRIT. IMMIGRAZIONE CITTADINANZA 606 $aEmigration and immigration law$zItaly$vPeriodicals 606 $aPublications périodiques$9fre$2ECLAS 606 $aPolitique migratoire$9fre$2ECLAS 606 $aLégislation sur l'immigration$9fre$2ECLAS 606 $afundamental rights$9eng$2eurovoc 606 $amigration control$9eng$2eurovoc 606 $aillegal migration$9eng$2eurovoc 606 $aforced migration$9eng$2eurovoc 606 $aEU migration policy$9eng$2eurovoc 606 $areturn migration$9eng$2eurovoc 606 $abrain drain$9eng$2eurovoc 615 0$aEmigration and immigration law 615 7$aPublications périodiques 615 7$aPolitique migratoire 615 7$aLégislation sur l'immigration 615 7$afundamental rights. 615 7$amigration control 615 7$aillegal migration. 615 7$aforced migration. 615 7$aEU migration policy 615 7$areturn migration. 615 7$abrain drain 712 02$aAssociazione per gli studi giuridici sull'immigrazione e magistratura democratica. 906 $aJOURNAL 912 $a9910142565003321 920 $aexl_impl conversion 996 $aDiritto immigrazione e cittadinanza$9275921 997 $aUNINA